000 00618nam a2200265Ia 4500
008 210210b2003 xxu||||| |||| 00| 0 eng d
020 _a0121794636
041 _aeng
082 _a574.133 COLH
100 _aCOLE (Richard J)
245 _aHandbook of secondary fungal metabolites Vol III
260 _aAmsterdam
_bAcademic Press
_c2003
300 _axi,672
440 _a3
650 _aVol
650 _asecondary
650 _aof
650 _ametabolites
650 _aIII
650 _aHandbook
650 _afungal
690 _aBiochemistry
700 _aJARVIS (Bruce B)
906 _a065946
999 _c147327
_d147327